000
00335nam a2200133Ia 4500
008
231017s9999 xx 000 0 und d
082
_a
625.8
082
_b
ARA
245
0
_a
Guide for mechanistic empirical design of new and rehabilated pavement structures
245
0
_c
NCHRP
260
_b
NCHRP
300
_c
30cm
942
_c
REP
999
_c
606004
_d
606004